000 00405nam a2200145Ia 4500
008 090124s9999 xx 000 0 und d
082 _b303541
245 _a सहज मोह पडे
250 _a1
260 _bभारद्वाज मंदाकिनी
_c1998
300 _a176
630 _a सहज मोह पडे
730 _a सहज मोह पडे
942 _cBOOK
999 _c193178
_d193178